[Event "Madrid-ch"]
[Site "Madrid"]
[Date "2012.11.15"]
[Round "8"]
[White "Perez Carballeira, Francisco"]
[Black "Leniz Martinez, Francisco"]
[Result "0-1"]
[WhiteElo "1608"]
[BlackElo "1783"]
[PlyCount "125"]
[EventDate "2012.11.05"]
[EventType "swiss"]
[EventRounds "9"]
[EventCountry "ESP"]
[SourceTitle "CBM 151 Extra"]
[Source "ChessBase"]
[SourceDate "2012.12.18"]
[SourceVersion "1"]
[SourceVersionDate "2012.12.18"]
[SourceQuality "1"]

1. d4 Nf6 2. c4 c5 3. d5 g6 4. Nc3 d6 5. Bg5 Bg7 6. f3 0-0 7. e4 a6 8. Bd3 Nbd7 9. Nge2 Ne5 10. 0-0 Bd7 11. b3 Qa5 12. Bc2 h6 13. Bd2 Be8 14. Ng3 Qc7 15. Rc1 Rb8 16. Bf4 Nfd7 17. Qd2 Kh7 18. Be3 b5 19. cxb5 axb5 20. Bd1 b4 21. Nce2 Qd8 22. Nf4 Nf6 23. Nd3 Nxd3 24. Qxd3 Bb5 25. Qd2 Bxf1 26. Kxf1 Ra8 27. Rc2 Ra3 28. e5 Ng8 29. exd6 exd6 30. Qd3 Kh8 31. Ne4 f5 32. Nd2 Rf6 33. Nc4 Ra7 34. Bc1 Rff7 35. Be2 Bd4 36. Bf4 Rf6 37. Bg3 Rg7 38. Ke1 Re7 39. Kd1 Rd7 40. Bf4 g5 41. Be3 Bxe3 42. Nxe3 Qf8 43. Qd2 Ne7 44. Bd3 Qg7 45. Nf1 g4 46. Be2 Rg6 47. Ng3 Ra7 48. Rb2 Qe5 49. Bc4 f4 50. Ne2 gxf3 51. Nxf4 Rf6 52. g3 Nf5 53. Kc1 Re7 54. Nd3 Qe3 55. Nf2 Qe1+ 56. Nd1 Nd4 57. Qxe1 Rxe1 58. Rf2 Rf7 59. Kd2 Rfe7 60. Rf1 Rxf1 61. Bxf1 Ra7 62. Nf2 Rxa2+ 63. Ke3 0-1